Pakistan Studies (Record no. 34614)

MARC details
000 -LEADER
fixed length control field 00322nam a2200133Ia 4500
008 - FIXED-LENGTH DATA ELEMENTS--GENERAL INFORMATION
fixed length control field 231019s9999 xx 000 0 und d
082 ## - DEWEY DECIMAL CLASSIFICATION NUMBER
Classification number 954.9
Item number AKR-P
100 ## - MAIN ENTRY--AUTHOR
Author Name Muhammad Akram
245 #0 - TITLE STATEMENT
Title Pakistan Studies
260 ## - PUBLICATION, DISTRIBUTION, ETC.
Place of Publication Lahore, Pakistan
Name of publisher, distributor, etc. Azeem Academy
Date of publication, distribution, etc. 2018
300 ## - PHYSICAL DESCRIPTION
Pages 242
650 ## - SUBJECT ADDED ENTRY--TOPICAL TERM
Subject / Department Pak Studies

No items available.

Powered by Koha